000 00308 a2200109 4500
001 ART_39164
005 20260410161646.0
008 260409a
245 1 0 _aFacturas apócrifas
100 1 _aCaranta, Martín R.
773 0 _tConsultor tributario
_g- Año 10, Nº 110 (abr. 2016)
_wREV474
999 _c13800
_d13800